000
00315nam a22001217a 4500
082
_a
621.3815 ANG'E
100
_a
ANGELO, E. J
_9
80490
245
_a
ELECTRONIC CIRCUITS A UNIFIED TREATMENT OF VACUUM TUBES AND TRANSISTORS
250
_a
2ND
260
_a
NEWYORK
_b
MCGRAW HILL
_c
1964
300
_a
652P
942
_c
BK
999
_c
585414
_d
585414